01441nam a2200337 a 4500001001200000003000800012006001900020007001500039008004100054010001700095020002800112040002100140035002000161050002300181082001600204100003800220245008500258260003900343300003100382504006600413533015200479610005700631610005100688650004600739650006800785651006100853655002900914710001700943856012600960999001701086ebr10017934CaPaEBRm u cr cn|||||||||960614s1997 ctuab sb 001 0 eng  z 96028548  z0275950549 (alk. paper) aCaPaEBRcCaPaEBR a(OCoLC)7076902514aE470b.W877 1997eb04a973.7/32201 aWood, W. J.q(William J.),d1917-10aCivil War generalshiph[electronic resource] :bthe art of command /cW.J. Wood. aWestport, Conn. :bPraeger,c1997. axii, 269 p. :bill., maps. aIncludes bibliographical references (p. [253]-263) and index. aElectronic reproduction.bPalo Alto, Calif. :cebrary,d2013.nAvailable via World Wide Web.nAccess may be limited to ebrary affiliated libraries.10aUnited States.bArmyxHistoryyCivil War, 1861-1865.10aConfederate States of America.bArmyxHistory. 0aCommand of troopsxHistoryy19th century. 0aMilitary art and sciencezUnited StatesxHistoryy19th century. 0aUnited StatesxHistoryyCivil War, 1861-1865xCampaigns. 7aElectronic books.2local2 aebrary, Inc.40uhttp://site.ebrary.com/lib/rucke/Doc?id=10017934zAn electronic book accessible through the World Wide Web; click to view c12357d12357